GETS Theological Seminary Library

贝德士文献研究 (Record no. 21620)

MARC details
000 -LEADER
fixed length control field 00604nam a2200205Ia 4500
008 - FIXED-LENGTH DATA ELEMENTS--GENERAL INFORMATION
fixed length control field 200826s9999||||xx |||||||||||||| ||und||
020 ## - INTERNATIONAL STANDARD BOOK NUMBER
International Standard Book Number 7549503494
020 ## - INTERNATIONAL STANDARD BOOK NUMBER
International Standard Book Number 9787549503490
041 ## - LANGUAGE CODE
Language code of text/sound track or separate title chi
050 ## - LIBRARY OF CONGRESS CALL NUMBER
Classification number BV3427.B363
Item number .Z533 2011
100 ## - MAIN ENTRY--PERSONAL NAME
Personal name 章开沅
245 #0 - TITLE STATEMENT
Title 贝德士文献研究
Remainder of title /
Statement of responsibility, etc. 章开沅
246 ## - VARYING FORM OF TITLE
Title proper/short title 貝德士文獻研究
Remainder of title /
260 ## - PUBLICATION, DISTRIBUTION, ETC.
Place of publication, distribution, etc. 桂林:
Name of publisher, distributor, etc. 广西师范大学出版社,
Date of publication, distribution, etc. 2011
300 ## - PHYSICAL DESCRIPTION
Extent vi, 154 p.
Other physical details ;
Dimensions 21 cm.
650 ## - SUBJECT ADDED ENTRY--TOPICAL TERM
Topical term or geographic name entry element Bates, M.Searle 1897-1978.
650 ## - SUBJECT ADDED ENTRY--TOPICAL TERM
Topical term or geographic name entry element Christian educators China Biography.
650 ## - SUBJECT ADDED ENTRY--TOPICAL TERM
Topical term or geographic name entry element Missionaries China Biography.
Holdings
Withdrawn status Lost status Damaged status Not for loan Home library Current library Shelving location Date acquired Total Checkouts Full call number Barcode Date last seen Price effective from Koha item type
        GETS Theological Seminary Library GETS Theological Seminary Library General Stacks 08/26/2020   BV3427.B363 .Z533 2011 00009270 08/26/2020 08/26/2020 Chinese Book
OpacCredits

Contact the Librarian, GETS Library
Email: library@mygets.org









Implemented by GETS Library
(Powered by ETCA Professional Group)
GETS Theological Seminary
412 E. Rowland Street, CA 91723